000 00540nam a2200193Ia 4500
005 20250508151107.0
008 008 250505s9999 xx 000 0 eng d
037 _aTextual
040 _aFEDL
_beng
_cFEDL
041 _aeng
_2eng
084 _a370.7, DOU
_qFEDL
100 _aDouglass Aubrey A.
_992389
245 0 _aAmerican school system
260 _aNew York, USA
_bRinehart and Company Publishers
_c1948
300 _axviii,745p.
650 _aEducation
942 _cTEXL
_h370.7, DOU
999 _c1327553
_d1327553